Ötezer korona a hazatért katonáknak

Správa o tom, že jasovský prepošt [Melichar Takács] venoval 5 tisíc korún (na rozdelenie) pre vojakov, ktorí sa vrátili z fronty a boli obyvateľmi Jasova a Jasovského Podzámku v novembri roku 1918.

Podrobná bibliografia
Médium: Článok
Jazyk:Hungarian
Témy:
Zdroj: 1. Felvidéki Hirlap 1. Roč. 12, č. 27 (16.11.1918) s. 3
LEADER 01201nab#a2200349#ar4500
001 000074865
003 SVKKK
005 20050603xxxxxxx.
008 06 c xo huno
FMT
038 |a SVKKK 
040 |a SVKKK  |b slo  |e AACR2 
041 0 |a hun 
044 |a xo  |c SK 
080 |a 355.292.3 
242 1 0 |a Vojakom, ktorí sa vrátili 5000 korún 
245 0 0 |a Ötezer korona a hazatért katonáknak 
500 |a Názov správne: 5000 korona ... 
500 |a mikrofilm 
520 2 |a Správa o tom, že jasovský prepošt [Melichar Takács] venoval 5 tisíc korún (na rozdelenie) pre vojakov, ktorí sa vrátili z fronty a boli obyvateľmi Jasova a Jasovského Podzámku v novembri roku 1918. 
650 0 4 |a odmena vojakom - Takács, Melichar (prepošt jasovský) (darca) - Jasov (KS) - Jasovský Podzámok (KS) - november 1918 - správy 
773 0 |t Felvidéki Hirlap  |g Roč. 12, č. 27 (16.11.1918) s. 3 
957 |a Jasovský Podzámok 
957 |a Jasovský Podzámok pozri Jasov 
957 |a Jászóváralja pozri Jasovský Podzámok 
958 |a CI 
958 |a DG 
958 |a SK 
974 |a Ba  |d 20050603 
992 |a RBX 
BAS
998 |a RETRO